[Event "35th European Club Cup 2019"]
[Site "Ulcinj"]
[Date "2019.11.15"]
[Round "6.2"]
[White "Adams, Michael"]
[Black "Matlakov, Maxim"]
[Result "1/2-1/2"]
[WhiteElo "2692"]
[BlackElo "2710"]
[Annotator "TA"]
[PlyCount "60"]
[EventDate "2019.11.10"]
[EventType "team-tourn"]
[EventCountry "MNE"]
[SourceTitle "playchess.com"]
[Source "ChessBase"]
[SourceQuality "1"]
[WhiteTeam "Padova"]
[BlackTeam "Mednyi Vsadnik"]

{[%evp 10,60,23,18,23,0,16,14,16,21,27,0,0,0,2,11,13,0,0,0,6,0,0,0,3,5,13,0,7,0,27,20,20,18,22,5,5,10,5,2,4,2,1,0,16,0,4,0,21,0,7,0,14]} 1. e4 e5 2. Nf3 Nc6 3. Bc4 Nf6 4. d3 Bc5 5. c3 d6 6. O-O a5 {C54: Giuoco Piano: 4 c3 Nf6, main lines with 5 d4 and 5 d3} 7. Re1 O-O 8. h3 Be6 9. Bb5 Ba7 10. Be3 $146 ({Predecessor:} 10. Nbd2 Ne7 11. Nf1 Ng6 12. Ng3 c6 13. Ba4 d5 14. exd5 Nxd5 15. Bc2 {0-1 (51) Grandelius,N (2687)-Hovhannisyan,R (2630) Reykjavik 2019}) 10... Bxe3 11. Rxe3 Ne7 12. d4 Ng6 13. Nbd2 c6 14. Bf1 a4 15. b4 axb3 16. axb3 b5 17. b4 Qb6 18. Re1 h6 19. Qc2 Ra7 (19... Rfb8 {looks sharper.} 20. Reb1 Nd7 21. Qb2 Nf4 22. h4 Bg4) 20. Rxa7 Qxa7 {The position is equal.} 21. c4 bxc4 22. Nxc4 Bxc4 23. Qxc4 Qb6 24. Rc1 Rb8 25. Qxc6 {And now b5 would win.} Qxb4 26. Rc4 Qb1 27. Rc1 Qb4 28. Rc4 Qb1 29. Rc1 Qb4 30. Rc4 Qb1 {Accuracy: White = 50%, Black = 72%.} 1/2-1/2

[Event "35th European Club Cup 2019"]
[Site "Ulcinj"]
[Date "2019.11.15"]
[Round "6.2"]
[White "Ivic, Velimir"]
[Black "Sprenger, Jan Michael"]
[Result "1/2-1/2"]
[WhiteElo "2531"]
[BlackElo "2492"]
[Annotator "ChessBase"]
[PlyCount "110"]
[EventDate "2019.11.10"]
[EventType "team-tourn"]
[EventCountry "MNE"]
[SourceTitle "playchess.com"]
[Source "ChessBase"]
[SourceQuality "1"]
[WhiteTeam "Itaka"]
[BlackTeam "LSG IntelliMagic"]
[TimeControl "40/5400+30:1800+30"]

1. e4 c5 2. Nf3 e6 3. d4 cxd4 4. Nxd4 a6 5. c4 Nf6 6. Nc3 Qc7 7. Be2 Bb4 8. Nc2 Bxc3+ 9. bxc3 d6 10. Ba3 Nxe4 11. Qd4 f5 12. Bh5+ Kf8 13. O-O-O Nc6 14. Qe3 Na5 15. Be2 Kf7 16. f3 Nc5 17. Rxd6 Qxd6 18. Bxc5 f4 19. Bxd6 fxe3 20. Bc7 Nc6 21. Nxe3 e5 22. c5 Be6 23. Nc4 Bxc4 24. Bxc4+ Kf6 25. Rd1 Rhe8 26. Rd6+ Ke7 27. Bd3 Rac8 28. Bb6 g6 29. Be4 Rf8 30. Kd2 Rf6 31. Rd3 h6 32. Ke3 Ke6 33. Rd1 h5 34. h4 Ke7 35. a4 Ke6 36. Rd6+ Ke7 37. Rd1 Ke6 38. Ke2 Ke7 39. Rg1 Ke6 40. Rh1 Ke7 41. Ke3 Ke6 42. Kd3 Ke7 43. Rh3 Ke6 44. a5 Ke7 45. Ke3 Ke6 46. Rh1 Ke7 47. Rd1 Ke6 48. Rd2 Ke7 49. Kd3 Ke6 50. Kc4 Ke7 51. Rd1 Rg8 52. Bc7 Rc8 53. Bd6+ Ke6 54. Bd5+ Kf5 55. Be4+ Ke6 1/2-1/2

[Event "35th European Club Cup 2019"]
[Site "Ulcinj"]
[Date "2019.11.15"]
[Round "6.2"]
[White "Wiedenkeller, Michael"]
[Black "Postny, Evgeny"]
[Result "0-1"]
[WhiteElo "2458"]
[BlackElo "2615"]
[Annotator "ChessBase"]
[PlyCount "70"]
[EventDate "2019.11.10"]
[EventType "team-tourn"]
[EventCountry "MNE"]
[SourceTitle "playchess.com"]
[Source "ChessBase"]
[SourceQuality "1"]
[WhiteTeam "De Sprenger Echternach"]
[BlackTeam "Beer Sheva"]
[TimeControl "40/5400+30:1800+30"]

1. c4 {[%emt 0:00:00]} Nf6 {[%emt 0:00:00]} 2. Nc3 {[%emt 0:00:16]} e5 {[%emt 0:00:00]} 3. Nf3 {[%emt 0:00:16]} Nc6 {[%emt 0:00:00]} 4. e3 {[%emt 0:00:13]} Bb4 {[%emt 0:00:24]} 5. Qc2 {[%emt 0:00:19]} Bxc3 {[%emt 0:00:07]} 6. Qxc3 {[%emt 0:00:19]} Qe7 {[%emt 0:00:13]} 7. d4 {[%emt 0:00:54]} Ne4 {[%emt 0:01:18]} 8. Qd3 {[%emt 0:00:45]} exd4 {[%emt 0:00:12]} 9. Nxd4 {[%emt 0:00:14]} O-O {[%emt 0:00:36]} 10. Be2 {[%emt 0:00:32]} Qb4+ {[%emt 0:01:05]} 11. Kf1 {[%emt 0:00:17]} Qe7 {[%emt 0:00:18]} 12. f3 {[%emt 0:01:32]} Nc5 {[%emt 0:01:08]} 13. Qd2 {[%emt 0:00:55]} a5 {[%emt 0:05:43]} 14. b3 {[%emt 0:05:44]} d6 {[%emt 0:01:10]} 15. h4 {[%emt 0:03:29]} Ne5 {[%emt 0:04:35]} 16. Bb2 {[%emt 0:08:30]} Bd7 {[%emt 0:03:08]} 17. Re1 {[%emt 0:08:30]} f5 {[%emt 0:04:51]} 18. Bc3 {[%emt 0:09:47]} b6 {[%emt 0:03:19]} 19. Bd1 {[%emt 0:05:49]} Rf7 {[%emt 0:17:50]} 20. Bc2 {[%emt 0:06:49]} Raf8 {[%emt 0:00:59]} 21. Ne2 {[%emt 0:05:29]} b5 {[%emt 0:12:35]} 22. Nf4 {[%emt 0:06:09]} bxc4 {[%emt 0:01:40]} 23. Bxa5 {[%emt 0:08:28]} Bb5 {[%emt 0:04:47]} 24. Kg1 {[%emt 0:04:19]} Ned3 {[%emt 0:01:48]} 25. Bxd3 {[%emt 0:01:29]} Nxd3 {[%emt 0:06:52]} 26. Nxd3 {[%emt 0:03:39]} cxd3 {[%emt 0:00:17]} 27. Bc3 {[%emt 0:02:17]} c5 {[%emt 0:05:21]} 28. h5 {[%emt 0:02:33]} h6 {[%emt 0:02:50]} 29. Rh3 {[%emt 0:02:49]} Re8 {[%emt 0:01:33]} 30. Qb2 {[%emt 0:05:15]} d5 {[%emt 0:03:36]} 31. Kf2 {[%emt 0:02:43]} Qc7 {[%emt 0:01:22]} 32. Rg3 {[%emt 0:02:44]} d4 {[%emt 0:02:53]} 33. exd4 {[%emt 0:02:30]} Rxe1 {[%emt 0:00:05]} 34. Bxe1 {[%emt 0:00:05]} Re7 {[%emt 0:00:07]} 35. Qa1 {[%emt 0:00:46]} d2 {[%emt 0:00:25]} 0-1

[Event "35th European Club Cup 2019"]
[Site "Ulcinj"]
[Date "2019.11.15"]
[Round "6.2"]
[White "Schreiner, Peter"]
[Black "Cardon, Helmut"]
[Result "1-0"]
[WhiteElo "2453"]
[BlackElo "2398"]
[Annotator "ChessBase"]
[PlyCount "119"]
[EventDate "2019.11.10"]
[EventType "team-tourn"]
[EventCountry "MNE"]
[SourceTitle "playchess.com"]
[Source "ChessBase"]
[SourceQuality "1"]
[WhiteTeam "Feffernitz"]
[BlackTeam "HWP Sas van Gent"]
[TimeControl "40/5400+30:1800+30"]

1. Nf3 Nf6 2. c4 e6 3. g3 d5 4. d4 dxc4 5. Bg2 a6 6. O-O Nc6 7. Bg5 Rb8 8. Nbd2 b5 9. Ne5 Nxe5 10. dxe5 h6 11. Bc6+ Bd7 12. Bxd7+ Qxd7 13. Bxf6 gxf6 14. Ne4 Be7 15. exf6 Qd5 16. Qc2 Bd8 17. b3 c3 18. Nxc3 Qe5 19. Ne4 Bxf6 20. Nxf6+ Qxf6 21. Qc6+ Kf8 22. Qxa6 Kg7 23. a4 bxa4 24. Rxa4 Rxb3 25. Rg4+ Kh7 26. Qc4 Rc3 27. Qe4+ Qf5 28. Qd4 e5 29. Qxc3 Qxg4 30. Qxe5 Rc8 31. Qc5 Kg7 32. Qc3+ Kg8 33. Qe3 c5 34. Qxh6 Qxe2 35. Qg5+ Kf8 36. Qf6 Qh5 37. Qd6+ Kg8 38. Qd7 Ra8 39. Qc6 Rd8 40. Kg2 Qf5 41. Rc1 Rc8 42. Qf3 Qe6 43. h3 Kf8 44. Qc3 c4 45. Qh8+ Ke7 46. Qd4 f6 47. Rc3 Kf7 48. h4 Rc7 49. Kh2 Kg6 50. Qf4 Rc5 51. Qd4 Rc7 52. Re3 Qc6 53. Qg4+ Kf7 54. h5 c3 55. h6 Kf8 56. Re6 Qd5 57. Rxf6+ Ke8 58. Re6+ Kd8 59. Qg8+ Kd7 60. Qe8# 1-0

[Event "35th European Club Cup 2019"]
[Site "Ulcinj"]
[Date "2019.11.15"]
[Round "6.3"]
[White "Alekseenko, Kirill"]
[Black "Leko, Peter"]
[Result "0-1"]
[WhiteElo "2715"]
[BlackElo "2666"]
[Annotator "TA"]
[PlyCount "64"]
[EventDate "2019.11.10"]
[EventType "team-tourn"]
[EventCountry "MNE"]
[SourceTitle "playchess.com"]
[Source "ChessBase"]
[SourceQuality "1"]
[WhiteTeam "Mednyi Vsadnik"]
[BlackTeam "Padova"]

{[%evp 9,69,19,21,8,21,16,16,14,16,7,21,21,13,10,10,0,6,0,0,0,13,8,21,14,21,-18,-15,-14,0,0,0,0,0,0,27,-58,-58,-78,0,0,0,-56,-50,-113,-124,-115,-113,-173,-176,-168,-181,-192,-181,-210,-157,-566,-410,-414,-412,-1162,-1154,-1062]} 1. e4 e5 2. Nf3 Nc6 3. Bc4 Bc5 4. O-O ({Predecessor:} 4. c3 Nf6 5. d3 a5 6. O-O d6 7. Bg5 h6 8. Bh4 g5 9. Bg3 O-O {½-½ (36) Staroske,U (2515)-Buecker,J (2537) GER email 2015}) 4... Nf6 5. d3 O-O 6. a4 $146 {C50: Hungarian Defence and Giuoco Pianissimo} (6. c3 d6 7. h3 h6 8. Re1 a6 9. a4 a5 10. Nbd2 Be6 11. Bb5 Na7 12. d4 Nxb5 13. dxc5 Na7 14. b3 Re8 15. cxd6 Qxd6 16. Ba3 {1-0 (43) Carlsen,M (2882)-So,W (2776) Saint Louis 2019}) 6... a5 7. Bg5 h6 8. Bh4 {The position is equal.} g5 9. Bg3 d6 10. c3 Kg7 11. Nbd2 Ba7 12. Re1 Ng8 13. Nf1 h5 {[#] Threatens to win with ...h4.} 14. h3 $1 Nh6 15. d4 g4 (15... h4 $5 16. Bh2 $8 exd4 $11) 16. Bh4 f6 17. dxe5 dxe5 18. hxg4 hxg4 19. N3h2 Qe8 20. Ne3 Qh5 21. Bg3 Ne7 22. Qd2 (22. Qb3 $11) 22... Nf7 $15 23. Be2 {[%cal Re3g4]} Nh6 (23... Rd8 $17 24. Qc1 Rh8 25. Bxg4 Bxe3 26. Bxh5 Bxc1 27. Bxf7 Bxb2 {[%mdl 64] Double Attack}) 24. Bc4 $11 Nf7 25. Qe2 (25. Be2 $11) 25... Nd6 $15 {Strongly threatening ...Bxe3.} 26. Nd5 (26. Bd3 $1 $15) 26... Nxd5 $17 27. Bxd5 Bd7 28. Bb3 (28. b4 $17) 28... Rh8 $19 29. Rad1 Rh6 30. Rd3 Rah8 {[%cal Rh5h2] White must now prevent ...Qxh2+!} 31. Qd2 Qe8 32. Rd1 $2 (32. Rxd6 $17 {nothing else works.} cxd6 33. Qxd6) 32... Rxh2 {Played: Ba7-c5} 0-1

[Event "35th European Club Cup 2019"]
[Site "Ulcinj"]
[Date "2019.11.15"]
[Round "6.3"]
[White "Roiz, Michael"]
[Black "Gibicar, Danijel"]
[Result "1/2-1/2"]
[WhiteElo "2602"]
[BlackElo "2229"]
[Annotator "ChessBase"]
[PlyCount "74"]
[EventDate "2019.11.10"]
[EventType "team-tourn"]
[EventCountry "MNE"]
[SourceTitle "playchess.com"]
[Source "ChessBase"]
[SourceQuality "1"]
[WhiteTeam "Beer Sheva"]
[BlackTeam "De Sprenger Echternach"]
[TimeControl "40/5400+30:1800+30"]

1. Nf3 {[%emt 0:00:00]} Nf6 {[%emt 0:00:00]} 2. g3 {[%emt 0:01:11]} g6 {[%emt 0:01:51]} 3. Bg2 {[%emt 0:02:35]} Bg7 {[%emt 0:00:52]} 4. d4 {[%emt 0:01:52]} d6 {[%emt 0:01:07]} 5. O-O {[%emt 0:01:44]} O-O {[%emt 0:00:16]} 6. b3 {[%emt 0:05:41]} c5 {[%emt 0:01:37]} 7. c4 {[%emt 0:01:09]} Bd7 {[%emt 0:24:47]} 8. Bb2 {[%emt 0:03:08]} cxd4 {[%emt 0:01:28]} 9. Nxd4 {[%emt 0:01:25]} Nc6 {[%emt 0:00:11]} 10. Nc2 {[%emt 0:00:43]} Qa5 {[%emt 0:04:36]} 11. Nc3 {[%emt 0:03:11]} Qh5 {[%emt 0:01:47]} 12. e4 {[%emt 0:07:55]} Qxd1 {[%emt 0:06:40]} 13. Rfxd1 {[%emt 0:02:05]} Rab8 {[%emt 0:02:35]} 14. h3 {[%emt 0:13:35]} Rfc8 {[%emt 0:04:59]} 15. Rab1 {[%emt 0:01:53]} a6 {[%emt 0:02:45]} 16. Ne3 {[%emt 0:09:51]} b5 {[%emt 0:03:52]} 17. Ncd5 {[%emt 0:03:01]} Nxd5 {[%emt 0:01:53]} 18. exd5 {[%emt 0:01:36]} Na7 {[%emt 0:10:20]} 19. Bxg7 {[%emt 0:00:56]} Kxg7 {[%emt 0:00:06]} 20. Rbc1 {[%emt 0:04:27]} bxc4 {[%emt 0:04:22]} 21. Rxc4 {[%emt 0:01:35]} Rxc4 {[%emt 0:01:37]} 22. Nxc4 {[%emt 0:00:12]} Bb5 {[%emt 0:04:39]} 23. Ne3 {[%emt 0:14:31]} a5 {[%emt 0:05:43]} 24. Bf1 {[%emt 0:05:38]} a4 {[%emt 0:06:28]} 25. Bxb5 {[%emt 0:02:58]} Rxb5 {[%emt 0:03:35]} 26. Rd3 {[%emt 0:00:20]} axb3 {[%emt 0:00:20]} 27. axb3 {[%emt 0:00:33]} Nc8 {[%emt 0:02:15]} 28. Nc4 {[%emt 0:03:32]} Nb6 {[%emt 0:00:49]} 29. Nxb6 {[%emt 0:00:17]} Rxb6 {[%emt 0:00:02]} 30. Kf1 {[%emt 0:00:24]} Kf6 {[%emt 0:00:47]} 31. Rf3+ {[%emt 0:02:35]} Kg7 {[%emt 0:01:13]} 32. Ke2 {[%emt 0:00:05]} Rb5 {[%emt 0:00:28]} 33. Rd3 {[%emt 0:00:04]} Kf6 {[%emt 0:00:17]} 34. Ke3 {[%emt 0:02:11]} e6 {[%emt 0:01:37]} 35. dxe6 {[%emt 0:00:33]} fxe6 {[%emt 0:00:42]} 36. Kd2 {[%emt 0:01:08]} d5 {[%emt 0:00:37]} 37. Rf3+ {[%emt 0:02:09]} Ke5 1/2-1/2

[Event "35th European Club Cup 2019"]
[Site "Ulcinj"]
[Date "2019.11.15"]
[Round "6.3"]
[White "Van Haastert, Edwin"]
[Black "Damjanovic, Vuk"]
[Result "1-0"]
[WhiteElo "2439"]
[BlackElo "2294"]
[Annotator "NA"]
[PlyCount "82"]
[EventDate "2019.11.10"]
[EventType "team-tourn"]
[EventCountry "MNE"]
[SourceTitle "playchess.com"]
[Source "ChessBase"]
[SourceQuality "1"]
[WhiteTeam "LSG IntelliMagic"]
[BlackTeam "Itaka"]
[TimeControl "40/5400+30:1800+30"]

1. e4 {[%emt 0:00:00]} c6 {[%emt 0:00:00]} 2. d4 {[%emt 0:00:00]} d5 {[%emt 0:00:01]} 3. e5 {[%emt 0:00:00]} Bf5 {[%emt 0:00:30]} 4. Nf3 {[%emt 0:00:01]} e6 {[%emt 0:00:06]} 5. Be2 {[%emt 0:00:04]} Be7 {[%emt 0:00:04]} 6. O-O {[%emt 0:00:44]} h5 {[%emt 0:00:09]} 7. c4 {[%emt 0:00:30]} g5 {[%emt 0:06:38]} 8. Be3 {[%emt 0:05:56]} Nh6 {[%emt 0:03:44]} 9. Qb3 {[%emt 0:00:58]} g4 {[%emt 0:03:04]} 10. Nfd2 {[%emt 0:01:06]} Qb6 {[%emt 0:01:34]} 11. Nc3 {[%emt 0:04:27]} Bg6 {[%emt 0:09:28]} 12. c5 {[%emt 0:13:48]} Qxb3 {[%emt 0:07:59]} 13. axb3 {[%emt 0:00:06]} Nf5 {[%emt 0:07:50]} 14. b4 {[%emt 0:11:11]} f6 {[%emt 0:02:43]} 15. exf6 {[%emt 0:00:30]} Bxf6 {[%emt 0:00:30]} 16. Nb3 {[%emt 0:00:30]} Nxe3 {[%emt 0:00:30]} 17. fxe3 {[%emt 0:02:48]} Bg5 {[%emt 0:11:03]} 18. e4 {[%emt 0:00:30]} Nd7 {[%emt 0:12:17]} 19. b5 {[%emt 0:03:06]} Rf8 {[%emt 0:12:47]} 20. Rfd1 {[%emt 0:12:25]} Nf6 {[%emt 0:04:12]} 21. Na5 {[%emt 0:01:06]} Nxe4 {[%emt 0:02:59]} 22. Nxe4 {[%emt 0:00:16]} Bxe4 {[%emt 0:00:05]} 23. Nxb7 {[%emt 0:03:59]} Be3+ {[%emt 0:03:53]} 24. Kh1 {[%emt 0:00:05]} cxb5 {[%emt 0:04:52]} 25. Nd6+ {[%emt 0:02:01]} Ke7 {[%emt 0:00:43]} 26. Nxe4 {[%emt 0:03:07]} dxe4 {[%emt 0:00:01]} 27. Bxb5 {[%emt 0:00:13]} Rfd8 {[%emt 0:02:22]} 28. Bc6 {[%emt 0:01:02]} Rac8 {[%emt 0:00:01]} 29. Rxa7+ {[%emt 0:00:15]} Kf6 {[%emt 0:00:11]} 30. Rf1+ {[%emt 0:01:41]} Kg5 {[%emt 0:00:12]} 31. Bxe4 {[%emt 0:01:12]} Bxd4 {[%emt 0:01:28]} 32. b4 {[%emt 0:00:53]} Bc3 {[%emt 0:01:47]} 33. c6 {[%emt 0:07:26]} Rd4 {[%emt 0:00:48]} 34. Rg7+ {[%emt 0:01:45]} Kh6 {[%emt 0:00:01]} 35. Rg6+ {[%emt 0:00:55]} Kh7 {[%emt 0:00:01]} 36. Rxe6+ {[%emt 0:00:23]} Kg7 {[%emt 0:00:16]} 37. Re7+ {[%emt 0:02:57]} Kg8 {[%emt 0:00:23]} 38. c7 {[%emt 0:02:34]} Bxb4 {[%emt 0:02:03]} 39. Bf5 {[%emt 0:00:25]} Ra8 {[%emt 0:00:29]} 40. Rd7 {[%emt 0:00:00]} Rf4 {[%emt 0:00:00]} 41. Rd8+ {[%emt 0:04:00]} Kg7 {[%emt 0:02:15]} 1-0

[Event "35th European Club Cup 2019"]
[Site "Ulcinj"]
[Date "2019.11.15"]
[Round "6.3"]
[White "Verstraeten, Rein"]
[Black "Diermair, Andreas"]
[Result "0-1"]
[WhiteElo "2379"]
[BlackElo "2475"]
[Annotator "ChessBase"]
[PlyCount "40"]
[EventDate "2019.11.10"]
[EventType "team-tourn"]
[EventCountry "MNE"]
[SourceTitle "playchess.com"]
[Source "ChessBase"]
[SourceQuality "1"]
[WhiteTeam "HWP Sas van Gent"]
[BlackTeam "Feffernitz"]
[TimeControl "40/5400+30:1800+30"]

1. d4 {[%emt 0:00:00]} Nf6 {[%emt 0:00:00]} 2. c4 {[%emt 0:00:00]} e6 {[%emt 0:00:00]} 3. Nf3 {[%emt 0:00:00]} d5 {[%emt 0:00:53]} 4. g3 {[%emt 0:00:10]} dxc4 {[%emt 0:00:30]} 5. Bg2 {[%emt 0:00:09]} Bb4+ {[%emt 0:00:10]} 6. Bd2 {[%emt 0:00:12]} a5 {[%emt 0:00:07]} 7. O-O {[%emt 0:01:11]} O-O {[%emt 0:01:12]} 8. Bg5 {[%emt 0:00:10]} h6 {[%emt 0:02:57]} 9. Bxf6 {[%emt 0:00:07]} Qxf6 {[%emt 0:00:05]} 10. e3 {[%emt 0:02:55]} Nd7 {[%emt 0:14:35]} 11. Nbd2 {[%emt 0:17:22]} e5 {[%emt 0:05:12]} 12. Nxc4 {[%emt 0:02:14]} exd4 {[%emt 0:00:54]} 13. a3 {[%emt 0:00:19]} Be7 {[%emt 0:03:43]} 14. Nxd4 {[%emt 0:04:57]} Ne5 {[%emt 0:04:21]} 15. Nxe5 {[%emt 0:01:31]} Qxe5 {[%emt 0:00:03]} 16. Rc1 {[%emt 0:00:23]} a4 {[%emt 0:10:00]} 17. Qe2 {[%emt 0:10:14]} Rd8 {[%emt 0:08:55]} 18. Rfd1 {[%emt 0:01:39]} Bf6 {[%emt 0:03:05]} 19. Rc4 {[%emt 0:16:58]} c5 {[%emt 0:12:53]} 20. f4 {[%emt 0:02:27]} Qd6 {[%emt 0:02:53]} 0-1

[Event "35th European Club Cup 2019"]
[Site "Ulcinj"]
[Date "2019.11.15"]
[Round "6.4"]
[White "Vallejo Pons, Francisco"]
[Black "Fedoseev, Vladimir"]
[Result "1/2-1/2"]
[WhiteElo "2694"]
[BlackElo "2672"]
[Annotator "TA"]
[PlyCount "63"]
[EventDate "2019.11.10"]
[EventType "team-tourn"]
[EventCountry "MNE"]
[SourceTitle "playchess.com"]
[Source "ChessBase"]
[SourceQuality "1"]
[WhiteTeam "Padova"]
[BlackTeam "Mednyi Vsadnik"]

{[%evp 10,63,25,10,11,0,0,0,0,0,0,-8,-21,-17,-7,0,-3,-3,-3,-3,-5,0,0,-10,14,15,12,12,37,30,36,0,16,0,30,21,55,57,54,27,41,-3,0,0,20,-16,39,-54,-35,-71,-66,-62,-69,-48,0,0]} 1. e4 e5 2. Nf3 Nc6 3. Bb5 a6 4. Ba4 Nf6 5. d3 Bc5 6. c3 d6 {C77: Ruy Lopez: 3...a6 4 Ba4 Nf6, unusual lines} (6... b5 7. Bb3 d6 8. Bg5 h6 9. Bh4 Bd7 10. O-O Bb6 11. a4 Rb8 12. axb5 axb5 13. Na3 g5 14. Bg3 Ne7 15. d4 exd4 {0-1 (33) Jakovenko,D (2708)-Wei,Y (2736) Moscow 2019}) 7. Bg5 h6 8. Bh4 Ba7 9. Nbd2 Bd7 10. Nf1 g5 11. Bg3 Nh5 12. Ne3 $146 ({Predecessor:} 12. Qe2 Nf4 13. Bxf4 gxf4 {0-1 (23) Klaiber,R (1977)-Vegjeleki,A (2154) ICCF email 2009}) 12... Bxe3 13. fxe3 Nxg3 14. hxg3 Qe7 15. Nd2 O-O-O 16. Qe2 Qe6 17. Bb3 Qg6 18. g4 Na5 19. Bd1 Nc6 20. Bb3 Na5 21. Bd1 Nc6 22. Qf3 Rdf8 23. Nf1 Ne7 24. Ng3 d5 25. O-O Qb6 26. Bb3 d4 27. Rae1 f6 (27... dxe3 $11 28. Qxe3 Qxe3+ 29. Rxe3 Bxg4) 28. cxd4 ({White should try} 28. Nh5 $1 $14) 28... exd4 $15 29. e5 {[%cal Re5f6] [#]} dxe3 $1 30. exf6 e2+ $1 31. Rf2 Ng6 (31... Nc6 $5 {[%cal Rc6d4]} 32. Nf5 Bxf5 33. Qxf5+ Kb8 $15) 32. Rexe2 {Accuracy: White = 45%, Black = 65%.} 1/2-1/2

[Event "35th European Club Cup 2019"]
[Site "Ulcinj"]
[Date "2019.11.15"]
[Round "6.4"]
[White "Danin, Alexandre"]
[Black "Maenhout, Thibaut"]
[Result "1-0"]
[WhiteElo "2521"]
[BlackElo "2372"]
[Annotator "ChessBase"]
[PlyCount "129"]
[EventDate "2019.11.10"]
[EventType "team-tourn"]
[EventCountry "MNE"]
[SourceTitle "playchess.com"]
[Source "ChessBase"]
[SourceQuality "1"]
[WhiteTeam "Feffernitz"]
[BlackTeam "HWP Sas van Gent"]
[TimeControl "40/5400+30:1800+30"]

1. e4 {[%emt 0:00:00]} c5 {[%emt 0:00:00]} 2. Nf3 {[%emt 0:00:00]} d6 {[%emt 0:00:00]} 3. d4 {[%emt 0:00:00]} cxd4 {[%emt 0:00:00]} 4. Nxd4 {[%emt 0:00:00]} Nf6 {[%emt 0:00:00]} 5. f3 {[%emt 0:00:35]} e5 {[%emt 0:00:09]} 6. Nb3 {[%emt 0:00:11]} Nc6 {[%emt 0:00:43]} 7. c4 {[%emt 0:06:02]} a5 {[%emt 0:00:11]} 8. Be3 {[%emt 0:00:53]} a4 {[%emt 0:00:46]} 9. Nc1 {[%emt 0:00:45]} Be7 {[%emt 0:00:50]} 10. Nc3 {[%emt 0:00:17]} Qa5 {[%emt 0:03:33]} 11. Qd2 {[%emt 0:02:33]} a3 {[%emt 0:08:51]} 12. Nb3 {[%emt 0:17:23]} axb2 {[%emt 0:00:15]} 13. Qxb2 {[%emt 0:00:07]} Qd8 {[%emt 0:04:13]} 14. Be2 {[%emt 0:01:48]} O-O {[%emt 0:10:36]} 15. O-O {[%emt 0:00:39]} Be6 {[%emt 0:04:20]} 16. Nd5 {[%emt 0:02:46]} Nd7 {[%emt 0:01:40]} 17. Rfd1 {[%emt 0:01:41]} b6 {[%emt 0:17:37]} 18. Qd2 {[%emt 0:19:05]} Nc5 {[%emt 0:05:56]} 19. Rab1 {[%emt 0:02:35]} Bxd5 {[%emt 0:05:01]} 20. cxd5 Nb8 {[%emt 0:06:21]} 21. Bb5 {[%emt 0:07:32]} h6 {[%emt 0:01:39]} 22. Qc2 {[%emt 0:04:15]} Bg5 {[%emt 0:01:11]} 23. Bf2 {[%emt 0:00:10]} g6 {[%emt 0:00:28]} 24. Nd2 {[%emt 0:03:29]} Bxd2 {[%emt 0:02:13]} 25. Qxd2 {[%emt 0:00:05]} Kh7 {[%emt 0:02:47]} 26. Bc6 {[%emt 0:01:34]} Ra6 {[%emt 0:06:44]} 27. Qe2 {[%emt 0:00:37]} Ra7 {[%emt 0:01:03]} 28. Qb5 {[%emt 0:03:10]} Rxa2 {[%emt 0:01:04]} 29. Qxb6 {[%emt 0:00:35]} Nba6 {[%emt 0:02:50]} 30. Qxd8 {[%emt 0:06:40]} Rxd8 {[%emt 0:00:01]} 31. h3 {[%emt 0:02:02]} Kg7 {[%emt 0:01:27]} 32. Rb6 {[%emt 0:00:14]} Kf8 {[%emt 0:01:04]} 33. Bb5 {[%emt 0:07:18]} Rb2 {[%emt 0:02:14]} 34. Rxa6 {[%emt 0:01:30]} Nxa6 {[%emt 0:03:17]} 35. Bxa6 {[%emt 0:00:06]} Ra8 {[%emt 0:00:04]} 36. Bf1 {[%emt 0:01:58]} Raa2 {[%emt 0:00:31]} 37. Bh4 {[%emt 0:01:50]} g5 {[%emt 0:02:03]} 38. Be1 {[%emt 0:00:05]} f6 {[%emt 0:00:23]} 39. Rc1 {[%emt 0:00:10]} Rc2 {[%emt 0:00:08]} 40. Rxc2 {[%emt 0:00:00]} Rxc2 {[%emt 0:00:00]} 41. Bf2 {[%emt 0:07:12]} Rb2 {[%emt 0:02:50]} 42. h4 {[%emt 0:19:36]} Kf7 {[%emt 0:05:09]} 43. h5 {[%emt 0:00:23]} Ke7 {[%emt 0:01:30]} 44. Bd3 {[%emt 0:00:31]} Kd7 {[%emt 0:02:01]} 45. Bg3 {[%emt 0:02:26]} Kc7 {[%emt 0:02:45]} 46. Bf2 Rb3 47. Ba6 {[%emt 0:01:33]} Rb1+ {[%emt 0:01:27]} 48. Kh2 {[%emt 0:00:14]} Rb2 {[%emt 0:00:10]} 49. Be1 {[%emt 0:01:54]} Kd7 {[%emt 0:00:06]} 50. Kg3 {[%emt 0:02:44]} Rb6 {[%emt 0:01:39]} 51. Bd3 {[%emt 0:00:28]} Rb2 {[%emt 0:00:49]} 52. Ba5 {[%emt 0:01:27]} Ke7 {[%emt 0:02:23]} 53. Be1 Ke8 54. Ba6 {[%emt 0:00:52]} Kd8 {[%emt 0:01:53]} 55. Kh3 {[%emt 0:00:30]} Kd7 {[%emt 0:01:15]} 56. g3 {[%emt 0:02:44]} Rb3 {[%emt 0:01:55]} 57. Kg4 {[%emt 0:00:25]} Ke7 {[%emt 0:00:03]} 58. Bc8 {[%emt 0:02:54]} Kf7 {[%emt 0:00:11]} 59. Be6+ {[%emt 0:00:25]} Ke7 {[%emt 0:06:18]} 60. Kf5 {[%emt 0:00:37]} Rxf3+ {[%emt 0:00:07]} 61. Kg6 {[%emt 0:00:04]} Re3 {[%emt 0:00:12]} 62. Bf2 {[%emt 0:00:12]} Rf3 {[%emt 0:00:21]} 63. Kxh6 {[%emt 0:01:42]} Rxf2 {[%emt 0:02:52]} 64. Kg7 {[%emt 0:00:00]} f5 65. Bxf5 1-0

[Event "35th European Club Cup 2019"]
[Site "Ulcinj"]
[Date "2019.11.15"]
[Round "6.4"]
[White "Vucinic, Gojko"]
[Black "De Jong, Jan-Willem"]
[Result "0-1"]
[WhiteElo "2384"]
[BlackElo "2446"]
[Annotator "NA"]
[PlyCount "48"]
[EventDate "2019.11.10"]
[EventType "team-tourn"]
[EventCountry "MNE"]
[SourceTitle "playchess.com"]
[Source "ChessBase"]
[SourceQuality "1"]
[WhiteTeam "Itaka"]
[BlackTeam "LSG IntelliMagic"]
[TimeControl "40/5400+30:1800+30"]

1. e4 e5 2. Nf3 Nc6 3. Bc4 Nf6 4. Ng5 d5 5. exd5 Na5 6. Bb5+ c6 7. dxc6 bxc6 8. Bd3 Nd5 9. Nf3 Bd6 10. O-O O-O 11. Re1 f5 12. Nxe5 Qf6 13. Nf3 g5 14. c3 g4 15. b4 gxf3 16. bxa5 Bxh2+ 17. Kxh2 Qh4+ 18. Kg1 fxg2 19. f4 Nxf4 20. Bc4+ Kh8 21. d4 Nh3+ 22. Kxg2 f4 23. Rf1 f3+ 24. Rxf3 Qg4+ 0-1